Apuntes para la historia de la provincia de Jaén. (Record no. 164171)

MARC details
000 -LEADER
campo de control de longitud fija 00820nam a22002175i 4500
001 - NÚMERO DE CONTROL
campo de control 164171
003 - IDENTIFICADOR DE NÚMERO DE CONTROL
campo de control ES-MaACL
005 - FECHA Y HORA DE LA ÚLTIMA TRANSACCIÓN
campo de control 20251014063238.0
008 - DATOS DE LONGITUD FIJA--INFORMACIÓN GENERAL
campo de control de longitud fija 981002s1879 sp |||| | spa d
100 1# - ENTRADA PRINCIPAL--NOMBRE DE PERSONA
Nombre de persona Ruiz Giménez, Joaquín,
Fechas asociadas al nombre 1854-1934
9 (RLIN) 100819
245 10 - MENCIÓN DEL TÍTULO
Título Apuntes para la historia de la provincia de Jaén.
Número de parte o sección de la obra Tomo I /
Mención de responsabilidad, etc. por Joaquín Ruiz Giménez.
260 ## - PUBLICACIÓN, DISTRIBUCIÓN, ETC.
Lugar de publicación, distribución, etc. Jaén :
Nombre del editor, distribuidor, etc. [s.n.],
Fecha de publicación, distribución, etc. 1879 (
Fabricante Imp. de Santiago de Guindos)
300 ## - DESCRIPCIÓN FÍSICA
Extensión XV, 512 p. ;
Dimensiones 22 cm.
510 4# - NOTA DE CITAS O REFERENCIAS BIBLIOGRÁFICAS
Nombre de la fuente PALAU,
Localización dentro de la fuente 281938
530 ## - NOTA DISPONIBLE DE FORMULARIO FÍSICO ADICIONAL
Nota de formato físico adicional disponible Disponible en formato digital.
596 ## - NOTA AL PIE DE IMPRENTA
NOTA AL PIE DE IMPRENTA No se publicó más.
651 ## - PUNTO DE ACCESO ADICIONAL DE MATERIA--NOMBRE GEOGRÁFICO
Nombre geográfico Jaén (Provincia)-
Subdivisión general Historia.
9 (RLIN) 137242
852 ## - LOCALIZACIÓN
Ubicación ES-MaACL
Número de control de estantería G-9791(1)
Nota libre - Enc. hol.
856 ## - LOCALIZACIÓN Y ACCESO ELECTRÓNICOS
Identificador Uniforme de Recursos <a href="http://bdh-rd.bne.es/viewer.vm?id=0000187632&page=1 ">http://bdh-rd.bne.es/viewer.vm?id=0000187632&page=1 </a>
Nota pública Biblioteca Digital Hispánica
Holdings
Estatus retirado Estado de pérdida Estado de daño No para préstamo Colección Biblioteca de origen Biblioteca actual Ubicación en estantería Fecha de adquisición Fuente de adquisición Total de préstamos Signatura topográfica completa Código de barras Visto por última vez Precio de reemplazo Tipo de ítem Koha
        Colección digital Biblioteca del Ateneo de Madrid Biblioteca del Ateneo de Madrid Sala Pecera Planta 3 17/01/2008     G-9791(1) 1172064 23/02/2023 23/02/2023 Libro impreso antiguo